Desarrollo social, reforma del Estado y de la seguridad social, al umbral del siglo XXI /
Na minha lista:
| Autor principal: | |
|---|---|
| Formato: | Texto |
| Colecção: | SERIE POLITICAS SOCIALES/CEPAL
|
| Tags: |
Adicionar Tag
Sem tags, seja o primeiro a adicionar uma tag!
|
MARC
| LEADER | 00000 a a2200000 04500 | ||
|---|---|---|---|
| 001 | 48342 | ||
| 003 | |||
| 040 | |||
| 090 | |a REV1291 (36) 2000 | ||
| 100 | |a Mesa-Lago, Carmelo | ||
| 245 | |a Desarrollo social, reforma del Estado y de la seguridad social, al umbral del siglo XXI / |c Carmelo Mesa-Lago | ||
| 440 | |a SERIE POLITICAS SOCIALES/CEPAL | ||
| 773 | |g número36, (2000) | ||
| 999 | |c 39753 |d 39753 | ||
